Ústredný vestník Slovenskej republiky

Na minha lista:
Detalhes bibliográficos
Formato: Periódico
Idioma:eslovaco
Publicado em: Bratislava Ministerstvo spravodlivosti SR 1990
Assuntos:
Tags: Adicionar Tag
Sem tags, seja o primeiro a adicionar uma tag!

MARC

LEADER 00000nas2a2200000 4500
001 s006363
005 20240109090903.1
041 0 |a slo 
044 |a SK 
245 1 0 |a Ústredný vestník Slovenskej republiky 
264 1 |a Bratislava  |b Ministerstvo spravodlivosti SR  |c 1990 
300 |a 1 zv. 
773 0 |w eu_un_cat*s125032 
610 2 0 |a správa štátna